00335nam a2200133Ia 45000030006000000080041000060400015000471000027000622450045000892600032001343000006001665460012001720050017001840STCL150530s9999 xx 000 0 und d aSTCLcSTCL aSabyasachi Battacharya aFinancial Foundations Of The British Raj bOrient Longman; Delhic2005 a0 aEnglish20220125171444.0